000 00824nam a2200205Ii 4500
003 JO-AjNU
008 230605s9999||||xx |||||||||||||| ||und||
040 _aJO-AjNU
_bara
_erda
_cJO-AjNU
041 _aara
050 1 4 _aBP161.2.H3 1900
100 3 _aحوى،سعيد ؛ مراجعة وهبي سليمان الغاوجي,
_eauthor
_941223
245 0 0 _aالإسلام: الأصل الثالث، ج4
264 3 1 _aد.م: المؤلف، د.ت
300 _aج4، 163ص
336 _atext
_btxt
_2rdacontent
337 _aunmediated
_bn
_2rdamedia
338 _avolume
_bnc
_2rdacarrier
490 0 _aدراسات منهجية هادفة حول الأصول الثلاثة: الله، الرسول، الاسلام
650 4 _aالاسلام- متفرقات- علم الكلام- الاخلاق الاسلامية
_941224
999 _aA17558
_c21126
_d21126